Index to the literature of the spectroscope 1887-1900 (Record no. 1222)

MARC details
000 -LEADER
fixed length control field 00533nam a2200169Ia 4500
003 - CONTROL NUMBER IDENTIFIER
control field IN-BaIIA
008 - FIXED-LENGTH DATA ELEMENTS--GENERAL INFORMATION
fixed length control field 211028s9999 xx 000 0 eng d
040 ## - CATALOGING SOURCE
Transcribing agency IIA Library
080 ## - UNIVERSAL DECIMAL CLASSIFICATION NUMBER
Universal Decimal Classification number 535.33
Item number TUC
100 ## - MAIN ENTRY--PERSONAL NAME
Personal name Tuckerman, Alfred
9 (RLIN) 2557
245 #0 - TITLE STATEMENT
Title Index to the literature of the spectroscope 1887-1900
Statement of responsibility, etc. Alfred Tuckerman
260 ## - PUBLICATION, DISTRIBUTION, ETC.
Place of publication, distribution, etc. Washington
Name of publisher, distributor, etc. The Smithsonian
Date of publication, distribution, etc. 1902
300 ## - PHYSICAL DESCRIPTION
Extent 373p.
650 ## - SUBJECT ADDED ENTRY--TOPICAL TERM
Topical term or geographic name entry element Astronomy and Astrophysics Thesaurus
650 ## - SUBJECT ADDED ENTRY--TOPICAL TERM
Topical term or geographic name entry element Spectroscopy
9 (RLIN) 1535
942 ## - ADDED ENTRY ELEMENTS (KOHA)
Koha item type Books
Holdings
Withdrawn status Lost status Damaged status Not for loan Home library Current library Shelving location Date acquired Total Checkouts Full call number Barcode Date last seen Price effective from Koha item type
        IIA Library-Bangalore IIA Library-Kodaikanal General Stacks     535.33/ TUC 1289 05/11/2021   Books

Powered by Koha